Text book of biochemistry (Record no. 6157)

MARC details
000 -LEADER
fixed length control field 00792 a2200217 4500
005 - DATE AND TIME OF LATEST TRANSACTION
control field 20080826112914.0
008 - FIXED-LENGTH DATA ELEMENTS--GENERAL INFORMATION
fixed length control field 080826t xxu||||| |||| 00| 0 eng d
010 ## - LIBRARY OF CONGRESS CONTROL NUMBER
LC control number ENG-87160
020 ## - INTERNATIONAL STANDARD BOOK NUMBER
Terms of availability 295.00
International Standard Book Number 8185502927
035 ## - SYSTEM CONTROL NUMBER
System control number EN-70693
037 ## - SOURCE OF ACQUISITION
Source of stock number/acquisition DBAD / PUB
082 ## - DEWEY DECIMAL CLASSIFICATION NUMBER
Classification number 574.192
100 ## - MAIN ENTRY--PERSONAL NAME
Personal name Pattabiraman, T.N.
245 ## - TITLE STATEMENT
Title Text book of biochemistry
Statement of responsibility, etc by T.N. Pattabiraman
250 ## - EDITION STATEMENT
Edition statement 2nd ed.
260 ## - PUBLICATION, DISTRIBUTION, ETC. (IMPRINT)
Place of publication, distribution, etc New Delhi
Name of publisher, distributor, etc All India Publishers
Date of publication, distribution, etc 2006
270 ## - ADDRESS
Address 4380/4B, Ansari Road, Darya Ganj,
-- New Delhi
Postal code 110 002
300 ## - PHYSICAL DESCRIPTION
Extent 476p.
Dimensions 24cm (pbk )
942 ## - ADDED ENTRY ELEMENTS (KOHA)
Institution code [OBSOLETE] dpl
Koha item type English Books
Call number prefix 574.192 / PAT
Source of classification or shelving scheme Dewey Decimal Classification
Classification part 574.192
Call number suffix PAT
Holdings
Withdrawn status Lost status Damaged status Not for loan Home library Current library Date acquired Cost, normal purchase price Total Checkouts Full call number Barcode Date last seen Copy number Uniform Resource Identifier Cost, replacement price Price effective from Koha item type
        D.B.Act.Division D.B.Act.Division 26/08/2008 295.00   574.192 PAT EN-70693 15/09/2008 1 6599 295.00 15/09/2008 English Books

© Delhi Public Library
Hit Counter
free hit counter